书目信息 |
| 题名: |
二十四史名言名典
|
|
| 作者: | 黄中业 主编 | |
| 分册: | 上册 | |
| 出版信息: | 沈阳 沈阳出版社 2000.12 |
|
| 页数: | 382页 | |
| 开本: | 19cm | |
| 丛书名: | ||
| 单 册: | ||
| 中图分类: | K204.1-61 | |
| 科图分类: | ||
| 主题词: | 中国--古代史--纪传体--词典 | |
| 电子资源: | ||
| ISBN: | 7-5441-1364-7 | |
| 000 | 00580nam0 2200193 45 | |
| 001 | 0204230971 | |
| 005 | 20050105172521.0 | |
| 010 | @a7-5441-1364-7@dCNY48.00 | |
| 100 | @a20020423d2000 km y0chiy0120 ea | |
| 101 | 0 | @achi |
| 105 | @a z 000yy | |
| 200 | 1 | @a二十四史名言名典@AEr Shi Si Shi Ming Yan Ming Dian@h上册@f黄中业主编@FHuang Zhong Ye Zhu Bian |
| 210 | @a沈阳@c沈阳出版社@d2000.12 | |
| 215 | @a382页@d19cm | |
| 606 | 0 | @a中国@x古代史@x纪传体@x词典 |
| 690 | @aK204.1-61@v4 | |
| 701 | @a黄中业@4主编 | |
| 801 | @aCN@bTSTC@c20020423 | |
| 905 | @dK204.1-61@b309197@e79:1@f1 | |
| 二十四史名言名典.上册/黄中业主编.-沈阳:沈阳出版社,2000.12 |
| 382页;19cm |
| ISBN 7-5441-1364-7:CNY48.00 |
| ● |
| 相关链接 |
|
|
|
|
正题名:二十四史名言名典
索取号:K204.1-61/79:1
 
预约/预借
| 序号 | 登录号 | 条形码 | 馆藏地/架位号 | 状态 | 备注 |
| 1 | 0309197 | 203091974 | 第二样本阅览室/ [索取号:K204.1-61/79:1] | 在馆 | |
| 2 | 0315473 | 203154736 | 第二借阅区/ [索取号:K204.1-61/79:1] | 在馆 | |
| 3 | 0315474 | 203154745 | 第二借阅区/ [索取号:K204.1-61/79:1] | 在馆 | |
| 4 | 0315475 | 203154754 | 第二借阅区/ [索取号:K204.1-61/79:1] | 在馆 | |
| 5 | 0315476 | 203154763 | 第二借阅区/ [索取号:K204.1-61/79:1] | 在馆 |